000 00558nam a2200181Ia 4500
999 _c7130
_d7130
003 OSt
005 20200117153635.0
008 190216s9999||||xx |||||||||||||| ||und||
020 _a9788120328723
040 _coclc
082 _a658.15
_bBHA/F
100 _aBhattacharyya, Asish K
_91173
245 0 _aFinancial Accounting For Business Managers /
_cAsish K Bhattacharyya
250 _a2nd ed.
260 _bPrentice Hall of India Private Ltd,
_aNew Delhi:
_c2005.
300 _a707p
942 _cBK
_2ddc
_h658.15
_iBHA/F
_k658.15
_mBHA/F